[Event "POL-chT 1 Liga 2019"]
[Site "Dzwirzyno"]
[Date "2019.09.07"]
[Round "1.1"]
[White "Kolago, Marcin"]
[Black "Nayhebaver, Martin"]
[Result "0-1"]
[WhiteElo "2340"]
[BlackElo "2491"]
[Annotator "TA"]
[PlyCount "75"]
[EventDate "2019.09.07"]
[EventType "team-tourn"]
[EventCountry "POL"]
[SourceTitle "playchess.com"]
[Source "ChessBase"]
[SourceQuality "1"]

{[%evp 10,75,8,0,12,-18,20,21,25,-2,32,2,5,-34,-2,-29,-10,-18,-14,-39,10,0,0,0,0,3,0,0,0,0,0,0,3,4,10,10,4,14,10,4,6,0,0,0,0,0,0,0,0,-2,-6,-98,-98,-101,-105,-103,-104,-372,-304,-290,-294,-305,-298,-450,-447,-422,-397,-1120]} 1. c4 b6 2. Nc3 Bb7 3. Nf3 Nf6 4. d4 e6 5. a3 d5 6. e3 Nbd7 {E12: Queen's Indian: Unusual White 4th moves, 4 a3, 4 Nc3 Bb7 5 a3 and 4 Nc3 Bb7} 7. Be2 (7. cxd5 exd5 8. Bd3 Bd6 9. O-O O-O 10. Qc2 a6 11. b4 Re8 12. Bb2 Ne4 13. Ne2 Qe7 14. Ng3 g6 15. Rac1 Rac8 16. Qe2 b5 17. Rc2 Nb6 {0-1 (35) Ganguly,S (2615)-Nakamura,H (2746) Kolkata 2018}) 7... g6 $146 ({Predecessor:} 7... Bd6 8. O-O O-O 9. b3 c5 10. Nb5 Bb8 11. Bb2 a6 12. Nc3 cxd4 13. Qxd4 Nc5 14. Rad1 Nxb3 15. Qh4 Qc7 16. cxd5 exd5 {1-0 (38) Vrona,M (1930)-Turkalj,Z (1870) Harkany 2018}) 8. O-O Bg7 {The position is equal.} 9. b4 O-O 10. Bb2 c5 11. Rb1 cxd4 12. Nxd4 dxc4 13. Bxc4 Ne5 14. Be2 Rc8 15. Ndb5 Ne4 16. Nxe4 Bxe4 17. Qxd8 Rfxd8 18. Rbd1 Bc2 19. Rxd8+ Rxd8 20. Bd4 Nc6 {[%cal Rc6d4]} 21. Bxg7 Kxg7 22. Rc1 Rd2 23. Bf3 Ne5 24. Nxa7 Nd3 $36 {[%mdl 2048] Black has the initiative.} 25. Rf1 Ba4 26. Nc8 b5 $1 27. Nb6 Ra2 28. Nxa4 bxa4 $11 {[%mdl 4096] Endgame KRB-KRN} 29. b5 Rxa3 30. h3 (30. Rb1 $1 $11) 30... Rb3 $17 31. Bd1 {[#]} Rb4 $1 {Strongly threatening ...Nc5.} 32. Be2 Nc5 {...Nb3 is the strong threat.} 33. Kh2 $2 {[%mdl 8192]} (33. Rc1 $17 a3 34. Ra1) 33... Rb2 34. Rc1 Nb3 ({Not} 34... Rxe2 35. Rxc5 Rxf2 36. Rc4 $17) 35. Re1 a3 {[%cal Ba4a3,Ba3a2][%mdl 32]} 36. Bc4 (36. b6 $142) 36... Na5 $19 37. Rc1 a2 38. Ra1 $2 {Accuracy: White = 43%, Black = 77%.} (38. Bxa2 Rxa2 39. Kg3) 0-1

[Event "POL-chT 1 Liga 2019"]
[Site "Dzwirzyno"]
[Date "2019.09.07"]
[Round "1.2"]
[White "Roubalik, Jakub"]
[Black "Zezulkin, Jurij"]
[Result "1/2-1/2"]
[WhiteElo "2405"]
[BlackElo "2434"]
[Annotator "TA"]
[PlyCount "40"]
[EventDate "2019.09.07"]
[EventType "team-tourn"]
[EventCountry "POL"]
[SourceTitle "playchess.com"]
[Source "ChessBase"]
[SourceQuality "1"]

{[%evp 22,37,18,20,10,17,33,16,27,25,35,24,29,0,2,0,0,8]} 1. d4 Nf6 2. c4 g6 3. Nc3 d5 4. cxd5 Nxd5 5. e4 Nxc3 6. bxc3 Bg7 7. Nf3 c5 8. Be3 Qa5 9. Qd2 Nc6 10. Rb1 cxd4 11. cxd4 Qxd2+ 12. Kxd2 O-O {D85: Exchange Grünfeld: Unusual White 7th moves and lines with 7 Nf3} 13. Bd3 f5 (13... e6 14. Rhc1 Rd8 15. Rc4 Bd7 16. Bg5 f6 17. Be3 b6 18. Ke2 Rac8 19. Rbc1 Bf8 20. g4 {0-1 (61) Akobian,V (2647)-Hansen,E (2629) chess.com INT 2018}) 14. d5 Na5 15. Rhc1 fxe4 16. Bxe4 Bf5 17. Bxf5 Rxf5 18. Rb5 b6 19. Rc7 {[#]} {Predecessor:} e6 $146 20. Kd3 exd5 {½-½ (51) Koziak,V (2470)-Tomczak,J (2509) Police 2010} 1/2-1/2

[Event "POL-chT 1 Liga 2019"]
[Site "Dzwirzyno"]
[Date "2019.09.07"]
[Round "1.3"]
[White "Rawicz, Karol"]
[Black "Paszewski, Mateusz"]
[Result "1-0"]
[WhiteElo "2200"]
[BlackElo "2297"]
[Annotator "ChessBase"]
[PlyCount "61"]
[EventDate "2019.09.07"]
[EventType "team-tourn"]
[EventCountry "POL"]
[SourceTitle "playchess.com"]
[Source "ChessBase"]
[SourceQuality "1"]
[TimeControl "40/5400+30:1800+30"]

1. d4 {[%emt 0:00:00]} Nf6 {[%emt 0:00:00]} 2. c4 {[%emt 0:00:00]} e6 {[%emt 0:00:00]} 3. Nc3 {[%emt 0:00:00]} Bb4 {[%emt 0:00:00]} 4. Qc2 {[%emt 0:00:49]} b6 {[%emt 0:01:03]} 5. e4 {[%emt 0:02:49]} c5 {[%emt 0:00:06]} 6. d5 {[%emt 0:02:07]} Qe7 {[%emt 0:00:18]} 7. Nge2 {[%emt 0:05:19]} exd5 {[%emt 0:06:24]} 8. exd5 {[%emt 0:00:21]} d6 {[%emt 0:02:02]} 9. Bd2 {[%emt 0:07:39]} O-O {[%emt 0:03:45]} 10. O-O-O {[%emt 0:39:31]} Ng4 {[%emt 0:18:46]} 11. Be1 {[%emt 0:00:15]} a6 {[%emt 0:01:02]} 12. a3 {[%emt 0:08:03]} Ba5 {[%emt 0:00:46]} 13. Ng3 {[%emt 0:00:59]} b5 {[%emt 0:03:14]} 14. cxb5 {[%emt 0:00:48]} axb5 {[%emt 0:00:13]} 15. Bxb5 {[%emt 0:00:07]} Ba6 {[%emt 0:03:39]} 16. Bxa6 {[%emt 0:02:16]} Nxa6 {[%emt 0:01:09]} 17. Qe4 {[%emt 0:00:48]} Qd7 {[%emt 0:09:52]} 18. Qf5 {[%emt 0:05:42]} Rfd8 {[%emt 0:01:17]} 19. Nce4 {[%emt 0:02:57]} Nc7 {[%emt 0:15:48]} 20. Bxa5 {[%emt 0:14:59]} Rxa5 {[%emt 0:00:12]} 21. Rhe1 {[%emt 0:00:30]} Ra6 {[%emt 0:20:09]} 22. f4 {[%emt 0:00:42]} Rb6 {[%emt 0:00:36]} 23. Rd2 {[%emt 0:02:19]} Nh6 {[%emt 0:02:25]} 24. Qg5 {[%emt 0:01:00]} Kh8 {[%emt 0:03:50]} 25. Nf6 {[%emt 0:01:00]} Qc8 {[%emt 0:02:20]} 26. Ngh5 {[%emt 0:00:07]} Rg8 {[%emt 0:00:07]} 27. Nxg8 {[%emt 0:00:26]} Qxg8 {[%emt 0:00:02]} 28. Rde2 {[%emt 0:00:52]} Rb8 {[%emt 0:00:10]} 29. Re7 {[%emt 0:00:48]} Nb5 {[%emt 0:00:20]} 30. f5 {[%emt 0:00:13]} Nd4 {[%emt 0:00:54]} 31. f6 {[%emt 0:00:32]} 1-0

[Event "POL-chT 1 Liga 2019"]
[Site "Dzwirzyno"]
[Date "2019.09.07"]
[Round "1.4"]
[White "Ciesla, Adam"]
[Black "Jaroch, Karol"]
[Result "1-0"]
[WhiteElo "2273"]
[BlackElo "2236"]
[Annotator "ChessBase"]
[PlyCount "57"]
[EventDate "2019.09.07"]
[EventType "team-tourn"]
[EventCountry "POL"]
[SourceTitle "playchess.com"]
[Source "ChessBase"]
[SourceQuality "1"]
[TimeControl "40/5400+30:1800+30"]

1. e4 {[%emt 0:00:00]} c5 {[%emt 0:00:00]} 2. Nf3 {[%emt 0:00:00]} d6 {[%emt 0:00:00]} 3. c3 {[%emt 0:00:17]} Nf6 {[%emt 0:00:00]} 4. Be2 {[%emt 0:00:13]} Nc6 {[%emt 0:00:28]} 5. d4 {[%emt 0:00:14]} cxd4 {[%emt 0:01:22]} 6. cxd4 {[%emt 0:00:09]} Nxe4 {[%emt 0:27:08]} 7. d5 {[%emt 0:00:23]} Qa5+ {[%emt 0:00:08]} 8. Nc3 {[%emt 0:00:29]} Nxc3 {[%emt 0:01:28]} 9. bxc3 {[%emt 0:00:18]} Ne5 {[%emt 0:02:21]} 10. Nxe5 {[%emt 0:00:41]} dxe5 {[%emt 0:00:09]} 11. O-O {[%emt 0:15:44]} g6 {[%emt 0:07:52]} 12. Rb1 {[%emt 0:18:44]} a6 {[%emt 0:13:17]} 13. c4 {[%emt 0:07:39]} Bg7 {[%emt 0:02:09]} 14. d6 {[%emt 0:03:46]} Bf6 {[%emt 0:15:43]} 15. Bf3 {[%emt 0:08:57]} exd6 {[%emt 0:05:06]} 16. Qxd6 {[%emt 0:01:11]} Qd8 {[%emt 0:01:07]} 17. Ba3 {[%emt 0:09:37]} Qxd6 {[%emt 0:00:36]} 18. Bxd6 {[%emt 0:00:04]} Be7 {[%emt 0:10:58]} 19. Bxe5 {[%emt 0:00:48]} O-O {[%emt 0:00:13]} 20. Rfd1 {[%emt 0:04:33]} Re8 {[%emt 0:00:13]} 21. Bd4 {[%emt 0:06:07]} Rb8 {[%emt 0:01:58]} 22. c5 {[%emt 0:02:34]} Bf5 {[%emt 0:02:30]} 23. Rxb7 {[%emt 0:07:25]} Rxb7 {[%emt 0:00:02]} 24. Bxb7 {[%emt 0:00:04]} Rd8 {[%emt 0:00:09]} 25. Bf3 {[%emt 0:03:49]} Be4 {[%emt 0:00:21]} 26. Be2 {[%emt 0:02:36]} Bd5 {[%emt 0:01:02]} 27. Be5 {[%emt 0:01:44]} Bxa2 {[%emt 0:06:03]} 28. Rxd8+ {[%emt 0:00:22]} Bxd8 {[%emt 0:00:03]} 29. c6 {[%emt 0:02:08]} 1-0

[Event "POL-chT 1 Liga 2019"]
[Site "Dzwirzyno"]
[Date "2019.09.07"]
[Round "1.5"]
[White "Samborski, Henryk"]
[Black "Tomaszewski, Roman"]
[Result "0-1"]
[WhiteElo "2098"]
[BlackElo "2195"]
[Annotator "ChessBase"]
[PlyCount "70"]
[EventDate "2019.09.07"]
[EventType "team-tourn"]
[EventCountry "POL"]
[SourceTitle "playchess.com"]
[Source "ChessBase"]
[SourceQuality "1"]
[TimeControl "40/5400+30:1800+30"]

1. Nf3 {[%emt 0:00:00]} f5 {[%emt 0:00:22]} 2. d4 {[%emt 0:01:18]} Nf6 {[%emt 0:00:22]} 3. c4 {[%emt 0:00:47]} e6 {[%emt 0:00:27]} 4. Nc3 {[%emt 0:00:57]} Bb4 {[%emt 0:00:09]} 5. Bd2 {[%emt 0:02:10]} O-O {[%emt 0:04:55]} 6. e3 {[%emt 0:05:17]} b6 {[%emt 0:18:36]} 7. Bd3 {[%emt 0:12:35]} Bb7 {[%emt 0:09:39]} 8. Qc2 {[%emt 0:06:29]} Bxc3 {[%emt 0:20:00]} 9. Bxc3 {[%emt 0:00:14]} Ne4 {[%emt 0:00:01]} 10. O-O-O {[%emt 0:02:38]} d6 {[%emt 0:00:15]} 11. Be1 {[%emt 0:13:49]} Nd7 {[%emt 0:03:45]} 12. h4 {[%emt 0:11:45]} Qe7 {[%emt 0:05:29]} 13. Ng1 {[%emt 0:06:38]} d5 {[%emt 0:05:00]} 14. f3 {[%emt 0:00:44]} dxc4 {[%emt 0:00:16]} 15. Bxc4 {[%emt 0:02:01]} Nd6 {[%emt 0:00:05]} 16. Bb4 {[%emt 0:02:09]} c5 {[%emt 0:04:51]} 17. dxc5 {[%emt 0:00:13]} bxc5 {[%emt 0:00:11]} 18. Ba3 {[%emt 0:07:46]} Nxc4 {[%emt 0:00:47]} 19. Qxc4 {[%emt 0:00:02]} Bd5 {[%emt 0:00:27]} 20. Qc2 {[%emt 0:01:06]} Rfb8 {[%emt 0:11:18]} 21. Kb1 {[%emt 0:00:51]} Nb6 {[%emt 0:01:36]} 22. Bxc5 {[%emt 0:05:09]} Qb7 {[%emt 0:00:08]} 23. Bxb6 {[%emt 0:00:29]} Qxb6 {[%emt 0:01:28]} 24. Ne2 {[%emt 0:01:33]} Qxe3 {[%emt 0:00:57]} 25. Nc3 {[%emt 0:00:13]} Bc4 {[%emt 0:02:14]} 26. Rhe1 {[%emt 0:03:50]} Qf4 {[%emt 0:03:45]} 27. Qf2 {[%emt 0:01:31]} Qc7 {[%emt 0:00:13]} 28. Rc1 {[%emt 0:00:52]} Qa5 {[%emt 0:00:43]} 29. Qd4 {[%emt 0:00:18]} Rb4 {[%emt 0:00:18]} 30. Qe5 {[%emt 0:02:19]} Qa3 {[%emt 0:00:47]} 31. Rc2 {[%emt 0:02:47]} Rab8 {[%emt 0:00:13]} 32. Nd1 {[%emt 0:01:10]} Qxa2+ {[%emt 0:00:53]} 33. Kc1 {[%emt 0:00:02]} Qa1+ {[%emt 0:01:16]} 34. Kd2 {[%emt 0:00:06]} Rd8+ {[%emt 0:00:22]} 35. Kc3 {[%emt 0:02:15]} Rb3+ {[%emt 0:00:13]} 0-1

[Event "POL-chT 1 Liga 2019"]
[Site "Dzwirzyno"]
[Date "2019.09.07"]
[Round "1.6"]
[White "Lach, Aleksandra"]
[Black "Worek, Joanna"]
[Result "0-1"]
[WhiteElo "2173"]
[BlackElo "2308"]
[Annotator "ChessBase"]
[PlyCount "114"]
[EventDate "2019.09.07"]
[EventType "team-tourn"]
[EventCountry "POL"]
[SourceTitle "playchess.com"]
[Source "ChessBase"]
[SourceQuality "1"]
[TimeControl "40/5400+30:1800+30"]

1. e4 {[%emt 0:00:00]} c5 {[%emt 0:00:00]} 2. Nf3 {[%emt 0:00:06]} Nc6 {[%emt 0:00:00]} 3. Bb5 {[%emt 0:00:53]} g6 {[%emt 0:00:00]} 4. Bxc6 {[%emt 0:00:24]} dxc6 {[%emt 0:00:00]} 5. h3 {[%emt 0:02:32]} Bg7 {[%emt 0:00:00]} 6. O-O {[%emt 0:01:09]} e5 {[%emt 0:02:14]} 7. d3 {[%emt 0:05:01]} Qe7 {[%emt 0:01:01]} 8. a4 {[%emt 0:11:13]} h6 {[%emt 0:06:23]} 9. Na3 {[%emt 0:04:17]} Nf6 {[%emt 0:01:22]} 10. Nc4 {[%emt 0:08:22]} Nd7 {[%emt 0:04:54]} 11. a5 {[%emt 0:01:58]} Nf8 {[%emt 0:09:49]} 12. Bd2 {[%emt 0:04:31]} g5 {[%emt 0:00:20]} 13. Nfxe5 {[%emt 0:04:43]} h5 {[%emt 0:11:40]} 14. Bc3 {[%emt 0:25:59]} f6 {[%emt 0:10:55]} 15. Nf3 {[%emt 0:01:41]} Ng6 {[%emt 0:00:07]} 16. Ne3 {[%emt 0:05:34]} Nf4 {[%emt 0:18:18]} 17. Nf5 {[%emt 0:02:33]} Bxf5 {[%emt 0:03:10]} 18. exf5 {[%emt 0:00:07]} O-O-O {[%emt 0:07:42]} 19. Bd2 {[%emt 0:02:29]} Nd5 {[%emt 0:00:42]} 20. Qe1 {[%emt 0:02:18]} Qc7 {[%emt 0:01:16]} 21. Ra4 {[%emt 0:02:29]} Rhe8 {[%emt 0:01:44]} 22. Re4 {[%emt 0:00:39]} Qd7 {[%emt 0:00:51]} 23. Be3 {[%emt 0:03:53]} Bf8 {[%emt 0:00:49]} 24. Bc1 {[%emt 0:04:20]} Nc7 {[%emt 0:04:53]} 25. Nd2 {[%emt 0:03:53]} Qxf5 {[%emt 0:00:12]} 26. f4 {[%emt 0:00:13]} g4 {[%emt 0:00:46]} 27. Qh4 {[%emt 0:00:48]} Bd6 {[%emt 0:04:12]} 28. Rxe8 Nxe8 {[%emt 0:01:27]} 29. Ne4 {[%emt 0:00:39]} c4 {[%emt 0:00:08]} 30. Ng3 {[%emt 0:00:30]} Qc5+ {[%emt 0:00:33]} 31. Kh1 {[%emt 0:00:50]} cxd3 {[%emt 0:00:34]} 32. cxd3 {[%emt 0:00:09]} Qxa5 {[%emt 0:04:24]} 33. hxg4 {[%emt 0:00:52]} hxg4 {[%emt 0:00:08]} 34. Qxg4+ {[%emt 0:00:01]} Kb8 {[%emt 0:00:37]} 35. Qf5 {[%emt 0:00:46]} Qb6 {[%emt 0:02:23]} 36. Nh5 Qd4 {[%emt 0:00:42]} 37. Qe4 {[%emt 0:01:35]} Qc5 {[%emt 0:00:06]} 38. g4 {[%emt 0:00:46]} Bc7 {[%emt 0:01:04]} 39. Be3 {[%emt 0:00:23]} Qc2 {[%emt 0:00:02]} 40. Rf2 {[%emt 0:00:00]} Qd1+ {[%emt 0:00:00]} 41. Kg2 {[%emt 0:02:48]} Qxg4+ {[%emt 0:03:30]} 42. Ng3 {[%emt 0:00:01]} Nd6 {[%emt 0:02:31]} 43. Qf3 {[%emt 0:00:30]} Qg6 {[%emt 0:00:54]} 44. Kh1 {[%emt 0:03:29]} Nf5 {[%emt 0:06:02]} 45. Nxf5 {[%emt 0:01:38]} Qxf5 {[%emt 0:00:01]} 46. Rd2 {[%emt 0:01:27]} Ba5 47. Rd1 Bb6 {[%emt 0:10:42]} 48. d4 {[%emt 0:06:08]} Qg6 {[%emt 0:02:57]} 49. Qh3 {[%emt 0:03:43]} Qe4+ {[%emt 0:01:29]} 50. Kh2 {[%emt 0:00:48]} a5 {[%emt 0:00:24]} 51. Rd2 Bxd4 {[%emt 0:03:35]} 52. Bxd4 {[%emt 0:09:37]} Rxd4 {[%emt 0:00:05]} 53. Rf2 Ka7 {[%emt 0:03:07]} 54. Qc3 {[%emt 0:01:56]} Rd5 {[%emt 0:00:18]} 55. Qxf6 {[%emt 0:02:04]} Rh5+ {[%emt 0:00:10]} 56. Kg3 {[%emt 0:00:01]} Qe3+ {[%emt 0:00:09]} 57. Kg4 {[%emt 0:00:33]} Qh3# {[%emt 0:00:05]} 0-1

[Event "POL-chT 1 Liga 2019"]
[Site "Dzwirzyno"]
[Date "2019.09.07"]
[Round "1.7"]
[White "Antoniewski, Rafal"]
[Black "Klekowski, Maciej"]
[Result "1/2-1/2"]
[WhiteElo "2497"]
[BlackElo "2473"]
[Annotator "TA"]
[PlyCount "51"]
[EventDate "2019.09.07"]
[EventType "team-tourn"]
[EventCountry "POL"]
[SourceTitle "playchess.com"]
[Source "ChessBase"]
[SourceQuality "1"]

{[%evp 25,51,0,0,0,0,0,5,5,4,4,0,4,0,16,3,16,16,0,0,0,0,0,0,0,0,0,0,0]} 1. d4 Nf6 2. c4 e6 3. Nf3 b6 4. g3 Bb7 5. Bg2 Be7 6. O-O O-O 7. d5 exd5 8. Nh4 c6 9. cxd5 Nxd5 10. Nf5 Nc7 11. e4 d5 12. Nc3 Bf6 13. exd5 cxd5 {The position is equal.} 14. Bf4 {Strongly threatening Bxc7. E17: Queen's Indian: 4 g3 Bb7 5 Bg2 Be7} Nba6 15. Re1 Bc8 16. Nd6 Be6 (16... Bxc3 17. bxc3 Be6 18. a4 Nc5 19. h4 Qd7 20. a5 Bg4 21. f3 Be6 {0-1 (36) Buhmann,R (2653)-Ponomariov,R (2706) Dortmund 2016}) 17. Nxd5 Nxd5 18. Bxd5 Bxd5 19. Qxd5 Bxb2 20. Rad1 {Black must now prevent Qc4.} Nc5 21. Re8 {[%mdl 64] [#] Decoy} Rxe8 22. Qxf7+ Kh8 23. Qc4 {Threatening mate with Nf7+.} Qe7 $146 ({Predecessor:} 23... Qf6 24. Nf7+ Kg8 25. Nh6+ Kh8 26. Nf7+ Kg8 27. Nh6+ Kh8 28. Nf7+ {½-½ (28) Ghader Pour,S (2246)-Hakimifard,G (2197) Sharjah 2011}) 24. Nf7+ Kg8 25. Nh6+ $1 {[%mdl 64] [#] Discovered Attack (Double check)} Kh8 26. Nf7+ 1/2-1/2

[Event "POL-chT 1 Liga 2019"]
[Site "Dzwirzyno"]
[Date "2019.09.07"]
[Round "1.8"]
[White "Barski, Radoslaw"]
[Black "Cyborowski, Lukasz"]
[Result "1/2-1/2"]
[WhiteElo "2425"]
[BlackElo "2509"]
[Annotator "TA"]
[PlyCount "39"]
[EventDate "2019.09.07"]
[EventType "team-tourn"]
[EventCountry "POL"]
[SourceTitle "playchess.com"]
[Source "ChessBase"]
[SourceQuality "1"]

{[%evp 15,39,23,37,13,13,16,20,13,14,-2,32,26,29,21,17,5,18,0,16,0,0,0,16,12,14,0]} 1. e4 e5 2. Nf3 Nf6 3. Nxe5 d6 4. Nf3 Nxe4 5. d4 d5 6. Bd3 Bf5 7. O-O Be7 8. Re1 O-O 9. Nbd2 {[%cal Rd2e4,Bb1d2,Bd2f1,Bf1g3][%mdl 32] C42: Petroff Defence: 3 Nxe5 and unusual White 3rd moves} Nd6 10. Bxf5 Nxf5 11. c3 c6 12. Qb3 Nd6 13. Nf1 {[#]} Na6 $146 {[%cal Bb8a6,Ba6c7,Bc7e6][%mdl 32]} ({Predecessor:} 13... Nd7 14. Bf4 Nb6 15. Re2 f6 16. Rae1 Rf7 {½-½ (25) Anand,V (2771)-Duda,J (2739) Batumi 2018}) 14. Bf4 Nc7 {The position is equal.} 15. Ng3 Rb8 16. Qc2 Ne6 17. Bd2 Re8 18. Re2 Bf8 19. Rae1 Nc7 20. Bf4 {Accuracy: White = 47%, Black = 70%.} 1/2-1/2

[Event "POL-chT 1 Liga 2019"]
[Site "Dzwirzyno"]
[Date "2019.09.07"]
[Round "1.9"]
[White "Nurkiewicz, Maciej"]
[Black "Kosakowski, Jakub"]
[Result "1/2-1/2"]
[WhiteElo "2334"]
[BlackElo "2411"]
[Annotator "ChessBase"]
[PlyCount "40"]
[EventDate "2019.09.07"]
[EventType "team-tourn"]
[EventCountry "POL"]
[SourceTitle "playchess.com"]
[Source "ChessBase"]
[SourceQuality "1"]
[TimeControl "40/5400+30:1800+30"]

1. d4 {[%emt 0:00:00]} Nf6 {[%emt 0:00:18]} 2. c4 {[%emt 0:00:00]} e6 {[%emt 0:00:20]} 3. Nf3 {[%emt 0:03:26]} d5 {[%emt 0:00:55]} 4. e3 {[%emt 0:05:21]} a6 {[%emt 0:00:38]} 5. a3 {[%emt 0:18:58]} dxc4 {[%emt 0:12:41]} 6. Bxc4 {[%emt 0:00:12]} c5 {[%emt 0:00:39]} 7. O-O {[%emt 0:04:18]} b5 {[%emt 0:02:56]} 8. Bb3 {[%emt 0:09:12]} Bb7 {[%emt 0:01:01]} 9. Nc3 {[%emt 0:00:52]} Nbd7 {[%emt 0:01:43]} 10. Qe2 {[%emt 0:02:52]} Be7 {[%emt 0:01:15]} 11. Rd1 {[%emt 0:00:12]} O-O {[%emt 0:14:50]} 12. Bc2 {[%emt 0:13:53]} cxd4 {[%emt 0:12:28]} 13. exd4 {[%emt 0:00:16]} h6 {[%emt 0:02:18]} 14. Ne5 {[%emt 0:01:56]} Rc8 {[%emt 0:03:57]} 15. Bxh6 {[%emt 0:12:03]} gxh6 {[%emt 0:01:57]} 16. Qe3 {[%emt 0:00:12]} Kg7 {[%emt 0:16:23]} 17. Qg3+ {[%emt 0:00:13]} Kh8 {[%emt 0:00:06]} 18. Qf4 {[%emt 0:00:24]} Kg7 {[%emt 0:00:24]} 19. Qg3+ {[%emt 0:19:10]} Kh8 {[%emt 0:00:18]} 20. Qf4 {[%emt 0:00:34]} Kg7 {[%emt 0:00:07]} 1/2-1/2

[Event "POL-chT 1 Liga 2019"]
[Site "Dzwirzyno"]
[Date "2019.09.07"]
[Round "1.10"]
[White "Walter, Szymon"]
[Black "Bartel, Michal"]
[Result "1/2-1/2"]
[WhiteElo "2311"]
[BlackElo "2291"]
[Annotator "ChessBase"]
[PlyCount "108"]
[EventDate "2019.09.07"]
[EventType "team-tourn"]
[EventCountry "POL"]
[SourceTitle "playchess.com"]
[Source "ChessBase"]
[SourceQuality "1"]
[TimeControl "40/5400+30:1800+30"]

1. e4 {[%emt 0:00:00]} e6 {[%emt 0:00:00]} 2. d4 {[%emt 0:00:00]} d5 {[%emt 0:00:00]} 3. Nc3 {[%emt 0:00:06]} Bb4 {[%emt 0:00:00]} 4. e5 {[%emt 0:02:57]} c5 {[%emt 0:00:00]} 5. a3 {[%emt 0:00:13]} Bxc3+ {[%emt 0:00:06]} 6. bxc3 {[%emt 0:00:05]} Ne7 {[%emt 0:00:06]} 7. h4 {[%emt 0:00:42]} Qc7 {[%emt 0:00:32]} 8. h5 {[%emt 0:01:12]} cxd4 {[%emt 0:10:06]} 9. cxd4 {[%emt 0:00:08]} Qc3+ {[%emt 0:00:07]} 10. Bd2 {[%emt 0:00:08]} Qxd4 {[%emt 0:00:05]} 11. Nf3 {[%emt 0:01:26]} Qc5 {[%emt 0:00:30]} 12. h6 {[%emt 0:26:12]} gxh6 {[%emt 0:00:33]} 13. Bd3 {[%emt 0:01:42]} Nbc6 {[%emt 0:00:41]} 14. Rxh6 {[%emt 0:06:57]} Bd7 {[%emt 0:01:38]} 15. Kf1 {[%emt 0:01:22]} O-O-O {[%emt 0:04:22]} 16. Bg5 {[%emt 0:26:50]} Rdf8 {[%emt 0:09:08]} 17. Qd2 {[%emt 0:02:19]} Ng8 {[%emt 0:05:08]} 18. Rh4 {[%emt 0:05:55]} f6 {[%emt 0:01:46]} 19. Be3 {[%emt 0:00:17]} Qe7 {[%emt 0:10:06]} 20. Qc3 {[%emt 0:01:01]} b6 {[%emt 0:04:12]} 21. Nd4 {[%emt 0:04:16]} Qc5 {[%emt 0:16:55]} 22. Qxc5 {[%emt 0:04:54]} bxc5 {[%emt 0:00:03]} 23. Nxc6 {[%emt 0:00:14]} Bxc6 {[%emt 0:00:09]} 24. Bxc5 {[%emt 0:00:08]} Rf7 {[%emt 0:00:19]} 25. Rf4 {[%emt 0:03:04]} f5 {[%emt 0:01:04]} 26. Rb1 {[%emt 0:01:06]} Nh6 {[%emt 0:02:24]} 27. Rfb4 {[%emt 0:01:39]} Rg8 {[%emt 0:00:32]} 28. Rb8+ {[%emt 0:01:58]} Kd7 {[%emt 0:00:01]} 29. Bxa7 {[%emt 0:01:26]} Rff8 {[%emt 0:01:35]} 30. Rxf8 {[%emt 0:02:01]} Rxf8 {[%emt 0:00:01]} 31. Bc5 {[%emt 0:02:20]} Ra8 {[%emt 0:00:24]} 32. f3 {[%emt 0:01:10]} Nf7 {[%emt 0:01:03]} 33. Re1 {[%emt 0:00:25]} Ba4 {[%emt 0:01:52]} 34. Re2 {[%emt 0:02:02]} Rb8 {[%emt 0:04:56]} 35. Kf2 {[%emt 0:00:32]} Rb2 {[%emt 0:01:32]} 36. g3 {[%emt 0:00:41]} Kc6 {[%emt 0:00:29]} 37. Bb4 {[%emt 0:00:30]} d4 {[%emt 0:03:16]} 38. f4 {[%emt 0:00:31]} Nh6 {[%emt 0:01:56]} 39. Ke1 {[%emt 0:00:28]} Rb1+ {[%emt 0:09:11]} 40. Kd2 {[%emt 0:00:00]} Rg1 {[%emt 0:00:00]} 41. Rh2 {[%emt 0:04:25]} Ng4 {[%emt 0:00:38]} 42. Rxh7 {[%emt 0:07:20]} Rg2+ {[%emt 0:23:03]} 43. Kc1 {[%emt 0:01:26]} Nf2 {[%emt 0:00:19]} 44. Re7 {[%emt 0:12:28]} Nxd3+ {[%emt 0:00:09]} 45. cxd3 {[%emt 0:00:05]} Bb3 {[%emt 0:00:05]} 46. a4 {[%emt 0:04:27]} Rxg3 {[%emt 0:03:10]} 47. a5 {[%emt 0:01:07]} Rxd3 {[%emt 0:00:22]} 48. a6 {[%emt 0:00:23]} Kb5 {[%emt 0:01:34]} 49. a7 {[%emt 0:00:25]} Bd5 {[%emt 0:00:03]} 50. Bd6 {[%emt 0:01:44]} Rc3+ {[%emt 0:01:23]} 51. Kd2 {[%emt 0:00:13]} Be4 {[%emt 0:00:32]} 52. Rc7 {[%emt 0:00:54]} Rb3 {[%emt 0:02:44]} 53. Rc5+ {[%emt 0:00:51]} Kb6 {[%emt 0:00:14]} 54. Rc4 {[%emt 0:00:38]} Rb2+ {[%emt 0:04:06]} 1/2-1/2